00560nam a22001697a 4500003001100000005001700011008004100028040003900069041000800108082001600116100002600132245008100158300005300239650002600292650003600318650003600354LK-CoMWRAF20230928093059.0230928b |||||||| |||| 00| 0 eng d aLK-CoMWRAFdLK-CoMWRAFeLK-CoMWRAF aeng a302.14bMUR aMuralidharan, Sukumar aMandal, Mandir and Masjid :b"Hindu" communalism and the crisis of the state aMadras :bIndian school of social science,c1990 aCommunalism -- India  aHindus -- India -- Communalism  aMuslims -- India -- Communalism